The book of Revelation: (Record no. 32575)

MARC details
000 -LEADER
fixed length control field 00592nam a2200157Ia 4500
008 - FIXED-LENGTH DATA ELEMENTS--GENERAL INFORMATION
fixed length control field 081213s9999 xx 000 0 und d
050 ## - LIBRARY OF CONGRESS CALL NUMBER
Classification number BS2825.3
Item number .K47 1957
100 ## - MAIN ENTRY--PERSONAL NAME
Personal name Kepler, Thomas S.
245 ## - TITLE STATEMENT
Title The book of Revelation:
Remainder of title a commentary for laymen
260 ## - PUBLICATION, DISTRIBUTION, ETC. (IMPRINT)
Date of publication, distribution, etc 1957
Place of publication, distribution, etc New York
Name of publisher, distributor, etc Oxford University Press
300 ## - PHYSICAL DESCRIPTION
Extent 232p. ;
Dimensions 21cm
500 ## - GENERAL NOTE
General note Includes index
650 ## - SUBJECT ADDED ENTRY--TOPICAL TERM
Topical term or geographic name as entry element Bible.N.T.
Relator term Revelation
942 ## - ADDED ENTRY ELEMENTS (KOHA)
Item type Book
Source of classification or shelving scheme Library of Congress Classification
Holdings
Withdrawn status Lost status Source of classification or shelving scheme Damaged status Not for loan Collection code Home library Current library Shelving location Date acquired Total Checkouts Full call number Barcode Date last seen Date last borrowed Copy number Price effective from Koha item type Public note
Withdrawn   Library of Congress Classification     Non-fiction Bishop Okullu Memorial Library (Limuru Campus) Bishop Okullu Memorial Library (Limuru Campus) General Circulation 15/12/2008 6 BS2825.3 .K47 1957 003467 28/05/2021 26/03/2021 1 15/12/2008 Book Multiple copies